| 000 | 00660pam a2200229 a 4500 | ||
|---|---|---|---|
| 001 | 2421038 | ||
| 003 | NUST - PNEC | ||
| 005 | 20170116181052.0 | ||
| 008 | 870515s1988 nyua 001 0 eng | ||
| 010 | _a 87007041 | ||
| 020 | _a0023117109 | ||
| 040 |
_aDLC _cLIBRARY _dDLC |
||
| 050 | 0 | 0 |
_aTK454 _b.B589 1988 |
| 082 | 0 | 0 |
_a621.3192 THE _219 |
| 100 | 1 | _aBogart, Theodore F. | |
| 245 | 1 | 0 |
_aElectric circuits / _cTheodore F. Bogart, Jr. |
| 260 |
_aNew York : _bMacmillan ; _aLondon : _bCollier Macmillan, _cc1988. |
||
| 300 |
_axvi, 840 p. : _bill. ; _c25 cm. |
||
| 500 | _aIncludes index. | ||
| 650 | 0 |
_aElectric circuit analysis. _xEE |
|
| 942 |
_2ddc _cBK |
||
| 999 |
_c68432 _d68432 |
||